Ornamental Crop Production Technology (Record no. 4034)

MARC details
000 -LEADER
fixed length control field 00387nam a22001457a 4500
008 - FIXED-LENGTH DATA ELEMENTS--GENERAL INFORMATION
fixed length control field 250701b |||||||| |||| 00| 0 eng d
020 ## - INTERNATIONAL STANDARD BOOK NUMBER
ISBN 9781684699971
100 ## - MAIN ENTRY--AUTHOR
Author Berge cooper
245 ## - TITLE STATEMENT
Title Ornamental Crop Production Technology
260 ## - PUBLICATION, DISTRIBUTION, ETC. (IMPRINT)
Place of publication United state
Name of publisher United Press Academy
Date of publication 2021
300 ## - COLLATION
Pagination 324p.
650 ## - TRACINGS
Main Subject Ornamental Crops
942 ## - ADDED ENTRY ELEMENTS (KOHA)
Item type Books
050 ## - LIBRARY OF CONGRESS CALL NUMBER
Classification number SB 411.7
Item number .B47
Holdings
Source of classification or shelving scheme Not for loan Permanent location Current location Date acquired Accession No. Full call number Barcode. Koha item type
Library of Congress Classification   Samuel Ogbemudia Main Library, University of Abuja Samuel Ogbemudia Main Library, University of Abuja 07/01/2025 2023/61912 SB 411.7 .B47 2025-2752 Books